000 01025nam0a2200277 4500
001 RU\NLR\BIBL_A\012036665
005 20260406113933.0
035 _a(NLR Aleph) 012036665
090 _a13422858
_c13422858
100 _a20190614d1953 |||y0rusy50 ca
101 1 _arus
_fkir
102 _aKG
105 _aa z 000ay
200 1 _aСказка про храброго зайца
_fД. Н. Мамин-Сибиряк
_gрис. Д. Горлова
210 _aФрунзе
_cГос. учпедиздат
_d1953
215 _a13,[1] c.
_cил.
_d20
225 1 _aБbблиотека киргизского школьника
300 _aСловарь рус.-кирг. на 11-[14] c.
686 1 _aШ6(2Р)6-4
700 1 _4070
_8rus
_7ca
_aМамин-Сибиряк
_bД. Н.
_f1852-1912
_gДмитрий Наркисович
_3RU\NLR\AUTH\77149
_9110226
702 1 _aГорлов
_bД.
_4040
852 _aNLR
_bОНЛ
_jКирг./2-1438
852 _aNLR
_bОНЛ
_jКирг./2-1438
942 _cBOOK
980 _aNB